Українські думи. (Запис № 17532)

000 -Маркер запису
Контрольне поле сталої довжини 01545nam a22002537a 4500
003 - Належність контрольного номера
Контрольне поле Uzh_bibl
008 - Кодовані дані
Контрольне поле сталої довжини 260427b |||||||| |||| 00| 0 ukr d
020 ## - Індекс ISBN
ISBN 978-966-575-202-8
Ціна 62.60
040 ## - Джерело каталогіз.
Код мови каталог. укр.
041 ## - Код мови видання
Код мови оригіналу українська
Код мови тексту українська
080 ## - Індекс УДК
Індекс УДК 82-1
090 ## - Шифри
Поличний індекс 82-1
Авторський знак У 45
100 ## - Автор
Автор -
245 ## - Назва
Назва Українські думи.
Відповідальність Упоряд. О.К. Артеменко
Фізичний носій Текст
260 ## - Вихідні дані
Місце видання Київ
Видавництво Техніка
Дата видання 2011
300 ## - Фізичний опис
Обсяг 160 с.
Ілл./тип відтвор. Іл.
Тип одиниці В опр.
520 ## - Анотація
Анотація До книжки ввійшли найвідоміші народні думи-неоціненні пам'ятки духовної скарбниці українського народу, в яких відображено силу народу, його любов до Батьківщини, досвід, розум, поетичну геніальність, високу моральність. У "Живих літописах", що посідають видатне місце у світовій народній поезії, змальовано героїчні і драматичні події і явища суспільного життя.
521 ## - Примітка про цільове призначення
Примітка про цільове призначення Для широкого кола читачів
546 ## - Примітка про мову
Примітка про мову укр.
650 ## - Тематичні рубрики
Основна рубрика Літературно-художнє видання
653 ## - Ключові слова
Ключові слова Буде слава помеж козаками.
-- Козацьке життя.
-- Видатні гетьмани.
-- Чужина.
655 ## - Термін індексування — жанр/форма
Жанр/форма Історична поезія
Типове ділення Збірник
942 ## - ADDED ENTRY ELEMENTS (KOHA)
Джерело класифікації чи схема поличного розташування
Koha item type Книги
Фонди
Статус вилучення Статус втрати/відсутності Джерело класифікації чи схема поличного розташування Статус пошкодження Тип обігу (не для випозичання) Постійне розташування Поточне розташування Розташування у відділі Дата надходження Інвентарний номер Total Checkouts Повний (примірниковий) шифр зберігання Штрих-код Date last seen Дата, для якої чинна ціна заміни Тип одиниці (рівень примірника)
          Бібліотека-філія № 1 для дітей Бібліотека-філія № 1 для дітей Читальна зала старший відділ 27/04/2026 62175   82-1 16619 27/04/2026 27/04/2026 Книги

Працює на АБІС Коха